000 00484cam a22001817a 4500
001 e 13000099
003 DLC
005 20260227111158.0
008 070921s1912 fr a 000 0 fre
010 _ae 13000099
040 _aDLC
_cDLC
050 0 0 _aMLCS 2007/47952 (L)
100 1 _aMayet, M.
245 1 4 _aUne éducatrice, Mlle Dissard /
_cM. Mayet.
260 _aLyon :
_bE. Vitte,
_c1912.
300 _a198 p. :
_bill. ;
_c19 cm.
600 1 0 _aDissard, Joséphine,
_d1825-1909.
999 _c19438
_d19438